Acteurs Francophones par images #3 - Statistiques

Statistiques générales
  • Ce quiz a été pris 170 fois
  • Le résultat moyen est 10 sur 16
Statistiques - réponses
Par images Réponse % Correct
Gérard Depardieu
99%
Jamel Debbouze
99%
Pierre Niney
91%
Vincent Cassel
91%
Jean-Paul Belmondo
86%
Gérard Darmon
75%
Bourvil
72%
Jean Rochefort
57%
Lambert Wilson
51%
Gérard Lanvin
47%
Michel Galabru
46%
Lino Ventura
44%
Pio Marmaï
39%
Christophe Lambert
36%
Claude Brasseur
36%
François Berléand
33%
Aucun quiz correspondant
Distribution des résultats
% des personnes avec chaque résultat
Percentile par nombre de réponses
Votre historique - résultats
Vous n’avez pas pris ce quiz